Untying the text : a post-structuralist reader /

Bibliographic Details
Other Authors: Young, Robert
Format: Book
Language:English
Published: Boston : Routledge & Kegan Paul, 1981.
Subjects:

MARC

Tag First Indicator Second Indicator Subfields
LEADER 00000cam a2200000 a 4500
001 in00000091775
005 20150923131826.0
008 820225s1981 mau b 00100 eng
010 |a  81212202  
019 |a 8043956  |a 8135055 
020 |a 071000804X 
020 |a 0710008058 (pbk.) 
035 |a (OCoLC)07964743 
035 |9 AAK7110AM 
039 0 |a 2  |b 3  |c 3  |d 3  |e 3 
040 |a DLC  |c DLC  |d TXA  |d UtOrBLW 
049 |a TXAM  |c [1633295] 
050 0 0 |a PN45  |b  U5 
082 0 |a 801/.95  |2 19 
245 0 0 |a Untying the text :  |b a post-structuralist reader /  |c edited and introduced by Robert Young. 
264 1 |a Boston :  |b Routledge & Kegan Paul,  |c 1981. 
300 |a x, 326 pages ;  |c 22 cm. 
336 |a text  |b txt  |2 rdacontent 
337 |a unmediated  |b n  |2 rdamedia 
338 |a volume  |b nc  |2 rdacarrier 
504 |a Includes bibliographies and index. 
650 0 |a Literature  |x Philosophy. 
650 0 |a Literature, Modern  |x History and criticism. 
650 0 |a Criticism. 
700 1 |a Young, Robert. 
999 |a MARS 
999 f f |s 8cd7e4c4-cc92-341e-b403-4a6613c9444e  |i 7face572-7a36-33dd-801b-9e8c8ef9215e  |t 0 
952 f f |p normal  |a Texas A&M University  |b College Station  |c Sterling C. Evans Library  |d Evans: Library Stacks  |t 0  |e PN45 U5  |h Library of Congress classification  |i unmediated -- volume  |m A14806004790 
998 f f |a PN45 U5  |t 0  |l Evans: Library Stacks